<?xml version="1.0" encoding="UTF-8"?>
<record
    xmlns:xsi="http://www.w3.org/2001/XMLSchema-instance"
    xsi:schemaLocation="http://www.loc.gov/MARC21/slim http://www.loc.gov/standards/marcxml/schema/MARC21slim.xsd"
    xmlns="http://www.loc.gov/MARC21/slim">

  <leader>01405nam0a2200349   4500</leader>
  <controlfield tag="001">6942</controlfield>
  <controlfield tag="003">http://catalogue.bnf.fr/ark:/12148/cb45189591p</controlfield>
  <datafield tag="010" ind1=" " ind2=" ">
    <subfield code="a">979-10-95481-00-3</subfield>
    <subfield code="b">br.</subfield>
    <subfield code="d">10 EUR</subfield>
  </datafield>
  <datafield tag="020" ind1=" " ind2=" ">
    <subfield code="a">FR</subfield>
    <subfield code="b">01707659</subfield>
  </datafield>
  <datafield tag="035" ind1=" " ind2=" ">
    <subfield code="a">13018</subfield>
  </datafield>
  <datafield tag="090" ind1=" " ind2=" ">
    <subfield code="a">6942</subfield>
  </datafield>
  <datafield tag="100" ind1=" " ind2=" ">
    <subfield code="a">20230924              frey50        </subfield>
  </datafield>
  <datafield tag="101" ind1="0" ind2=" ">
    <subfield code="a">fre</subfield>
  </datafield>
  <datafield tag="102" ind1=" " ind2=" ">
    <subfield code="a">FR</subfield>
  </datafield>
  <datafield tag="105" ind1=" " ind2=" ">
    <subfield code="a">||||z   00|a|                           </subfield>
  </datafield>
  <datafield tag="106" ind1=" " ind2=" ">
    <subfield code="a">r                                       </subfield>
  </datafield>
  <datafield tag="181" ind1=" " ind2="0">
    <subfield code="6">01</subfield>
    <subfield code="a">i</subfield>
    <subfield code="b">xxxe</subfield>
  </datafield>
  <datafield tag="181" ind1=" " ind2=" ">
    <subfield code="6">02</subfield>
    <subfield code="c">txt</subfield>
    <subfield code="2">rdacontent</subfield>
  </datafield>
  <datafield tag="182" ind1=" " ind2="0">
    <subfield code="6">01</subfield>
    <subfield code="a">n</subfield>
  </datafield>
  <datafield tag="182" ind1=" " ind2=" ">
    <subfield code="6">02</subfield>
    <subfield code="c">n</subfield>
    <subfield code="2">rdamedia</subfield>
  </datafield>
  <datafield tag="200" ind1="1" ind2=" ">
    <subfield code="a">L'ennemi int&#xE9;rieur</subfield>
    <subfield code="f">Marilyn Mattei</subfield>
    <subfield code="b">LIVR</subfield>
  </datafield>
  <datafield tag="210" ind1=" " ind2=" ">
    <subfield code="a">Paris</subfield>
    <subfield code="b">4 bis, cit&#xE9; V&#xE9;ron, 75018</subfield>
    <subfield code="c">Th&#xE9;&#xE2;tre ouvert</subfield>
    <subfield code="d">DL 2016</subfield>
    <subfield code="e">35-Rennes</subfield>
    <subfield code="g">Impr. M&#xE9;dia graphic</subfield>
  </datafield>
  <datafield tag="215" ind1=" " ind2=" ">
    <subfield code="a">1 vol. (127 p.)</subfield>
    <subfield code="d">20 cm</subfield>
  </datafield>
  <datafield tag="225" ind1=" " ind2=" ">
    <subfield code="a">Tapuscrit</subfield>
    <subfield code="v">134</subfield>
  </datafield>
  <datafield tag="410" ind1=" " ind2="0">
    <subfield code="0">34226913</subfield>
    <subfield code="t">Tapuscrit (Paris. 1978)</subfield>
    <subfield code="x">0183-8229</subfield>
    <subfield code="v">134</subfield>
    <subfield code="v">134</subfield>
  </datafield>
  <datafield tag="686" ind1=" " ind2=" ">
    <subfield code="a">802</subfield>
    <subfield code="2">Classif. BNF</subfield>
  </datafield>
  <datafield tag="700" ind1=" " ind2=" ">
    <subfield code="a">Mattei</subfield>
    <subfield code="b">Marilyn</subfield>
    <subfield code="f">1985-....</subfield>
    <subfield code="3">17081801</subfield>
    <subfield code="4">070</subfield>
    <subfield code="6">Auteur</subfield>
  </datafield>
  <datafield tag="801" ind1=" " ind2="0">
    <subfield code="a">FR</subfield>
    <subfield code="b">FR-751131015</subfield>
    <subfield code="c">20170110</subfield>
    <subfield code="g">AFNOR</subfield>
    <subfield code="h">FRBNF451895910000008</subfield>
  </datafield>
  <datafield tag="930" ind1=" " ind2=" ">
    <subfield code="5">FR-751131010:45189591001001</subfield>
    <subfield code="a">2017-6391</subfield>
    <subfield code="b">759999999</subfield>
    <subfield code="c">Tolbiac - Rez de Jardin - Litt&#xE9;rature et art - Magasin</subfield>
    <subfield code="d">O</subfield>
  </datafield>
  <datafield tag="930" ind1=" " ind2=" ">
    <subfield code="5">FR-751041001:45189591002001</subfield>
    <subfield code="a">8-Y-18774</subfield>
    <subfield code="b">759999999</subfield>
    <subfield code="c">Richelieu - Arts du spectacle - Magasin</subfield>
    <subfield code="d">N</subfield>
  </datafield>
  <datafield tag="930" ind1=" " ind2=" ">
    <subfield code="5">FR-751071001:45189591003001</subfield>
    <subfield code="a">T MATTE E</subfield>
    <subfield code="b">759999999</subfield>
    <subfield code="c">Maison Jean Vilar - Libre acc&#xE8;s</subfield>
    <subfield code="d">N</subfield>
  </datafield>
  <datafield tag="323" ind1=" " ind2=" ">
    <subfield code="a">5 personnages</subfield>
  </datafield>
  <datafield tag="995" ind1=" " ind2=" ">
    <subfield code="2">0</subfield>
    <subfield code="5">2023-09-24</subfield>
    <subfield code="9">6883</subfield>
    <subfield code="a">M&#xE9;diath&#xE8;que</subfield>
    <subfield code="c">JOL</subfield>
    <subfield code="f">JOL-003073</subfield>
    <subfield code="k">TH MAT</subfield>
    <subfield code="o">0</subfield>
    <subfield code="b">JOL</subfield>
    <subfield code="r">LIVR</subfield>
    <subfield code="v">1</subfield>
  </datafield>
</record>
